Justice Muhammad Ibrahim, 1898-1966 : (Record no. 23895)

MARC details
000 -LEADER
fixed length control field 01158cam a22003494a 4500
001 - CONTROL NUMBER
control field 15001741
003 - CONTROL NUMBER IDENTIFIER
control field BDDh-ASL
005 - DATE AND TIME OF LATEST TRANSACTION
control field 20231015030313.0
008 - FIXED-LENGTH DATA ELEMENTS--GENERAL INFORMATION
fixed length control field 070911s2006 bg a 010 0beng
010 ## - LIBRARY OF CONGRESS CONTROL NUMBER
LC control number 2007340171
020 ## - INTERNATIONAL STANDARD BOOK NUMBER
International Standard Book Number 9840802119
025 ## - OVERSEAS ACQUISITION NUMBER
Overseas acquisition number B-E-2007-340171; 21; 24
037 ## - SOURCE OF ACQUISITION
Source of stock number/acquisition Library of Congress -- New Delhi Overseas Office
Terms of availability Tk350.00 ($15.00 U.S.)
040 ## - CATALOGING SOURCE
Original cataloging agency DLC
Transcribing agency DLC
Modifying agency BDDh-ASL
041 0# - LANGUAGE CODE
Language code of text/sound track or separate title eng
-- ben
042 ## - AUTHENTICATION CODE
Authentication code lcode
043 ## - GEOGRAPHIC AREA CODE
Geographic area code a-bg---
050 00 - LIBRARY OF CONGRESS CALL NUMBER
Classification number KNG110.I27
Item number .J87 2006
082 ## - DEWEY DECIMAL CLASSIFICATION NUMBER
Classification number 923.4
Item number JUS
245 00 - TITLE STATEMENT
Title Justice Muhammad Ibrahim, 1898-1966 :
Remainder of title memorial volume /
Statement of responsibility, etc. edited and compiled by Sufia Ahmed.
260 ## - PUBLICATION, DISTRIBUTION, ETC.
Place of publication, distribution, etc. Dhaka :
Name of publisher, distributor, etc. Academic Press and Publishers Library,
Date of publication, distribution, etc. 2006.
300 ## - PHYSICAL DESCRIPTION
Extent 294 p. :
Other physical details ill. (some col.) ;
Dimensions 22 cm.
520 ## - SUMMARY, ETC.
Summary, etc. Contributed articles on his life and work.
546 ## - LANGUAGE NOTE
Language note English and Bengali.
600 10 - SUBJECT ADDED ENTRY--PERSONAL NAME
Personal name Ibrahim, Muhammad,
Dates associated with a name 1898-1966.
650 #0 - SUBJECT ADDED ENTRY--TOPICAL TERM
Topical term or geographic name entry element Judges
Geographic subdivision Bangladesh
Form subdivision Biography,
700 1# - ADDED ENTRY--PERSONAL NAME
Personal name Ahmed, Sufia.
700 1# - ADDED ENTRY--PERSONAL NAME
Personal name Ibrahim, Muhammad,
Dates associated with a name 1898-1966.
906 ## - LOCAL DATA ELEMENT F, LDF (RLIN)
a 7
b cbc
c origode
d 2
e ncip
f 20
g y-gencatlg
942 ## - ADDED ENTRY ELEMENTS (KOHA)
Source of classification or shelving scheme Dewey Decimal Classification
Koha item type Books
Holdings
Withdrawn status Lost status Source of classification or shelving scheme Damaged status Not for loan Collection code Home library Current library Shelving location Date acquired Source of acquisition Total Checkouts Full call number Barcode Date last seen Copy number Price effective from Koha item type
    Dewey Decimal Classification     Non-fiction Asiatic Society Library Asiatic Society Library General Stacks 04/07/2021 Complementary   923.4 JUS 108448 04/07/2021 C-1 04/07/2021 Books
    Dewey Decimal Classification     Non-fiction Asiatic Society Library Asiatic Society Library General Stacks 04/07/2021 Complementary   923.4 JUS 108449 04/07/2021 C-2 04/07/2021 Books
    Dewey Decimal Classification     Non-fiction Asiatic Society Library Asiatic Society Library General Stacks 04/07/2021 Complementary   923.4 JUS 108450 04/07/2021 C-3 04/07/2021 Books
    Dewey Decimal Classification     Non-fiction Asiatic Society Library Asiatic Society Library General Stacks 04/07/2021 Complementary   923.4 JUS 108451 04/07/2021 C-4 04/07/2021 Books

Powered by Koha